|
|
|
|
| LEADER |
00662nab a2200193 i 4500 |
| 001 |
acta9704 |
| 005 |
20210323132233.0 |
| 008 |
161015s1972 hu o 0|| eng d |
| 022 |
|
|
|a 0563-587X
|
| 040 |
|
|
|a SZTE Egyetemi Kiadványok Repozitórium
|b hun
|
| 041 |
|
|
|a eng
|
| 100 |
1 |
|
|a Csoknya Mária
|
| 245 |
1 |
2 |
|a A study of palingenia longicauda oliv. in the zoobenthos of the Tisza and Maros (ephemeroptera)
|h [elektronikus dokumentum] /
|c Csoknya Mária
|
| 260 |
|
|
|c 1972
|
| 300 |
|
|
|a 47-57
|
| 490 |
0 |
|
|a Tiscia
|
| 695 |
|
|
|a Természettudomány
|
| 700 |
0 |
1 |
|a Ferencz Magdolna
|e aut
|
| 856 |
4 |
0 |
|u http://acta.bibl.u-szeged.hu/9704/1/tiscia_007_047-057.pdf
|z Dokumentum-elérés
|